000 00596nam a2200229Ia 4500
003 OSt
005 20220928131558.0
006 a|||||r|||| 00| 0
007 ta
008 220927b |||||||| |||| 00| 0 eng d
024 _a64107
037 _cTextual
040 _aSDCL
_cSDCL
_beng
041 _2eng
_aeng
082 _aZ1, L4
100 _aButler William E.
_9479099
245 0 _aTheory of International law
260 _aLondon
_bGeorge Allen & Unwin Ltd
_c1974
300 _axxv;497p.
_ccm.
942 _hZ1, L4
_cTEXL
_2CC
999 _c791515
_d791515